Najpopularniejsze języki germańskie - Statystyki

Ogólne statystyki
  • Ten quiz został rozwiązany 111 razy
  • Średni wynik to 5 z 8
Statystyki odpowiedzi
liczba rdzennych rozmówców język germański % Poprawnych
ok. 128 milionów Niemiecki
100%
ok. 527 milionów Angielski
87%
ok. 6 milionów Duński
85%
ok. 23 miliony Niderlandzki
82%
ok. 5 milionów Norweski
80%
ok. 10 milionów Szwedzki
79%
ok. 7 milionów Afrikaans
14%
ok. 3,5 miliona Jidysz
8%
Nie znaleziono quizów pasujących do podanych kryteriów
Rozkład punktacji
Procent ludzi z każdym wynikiem
Percentyl według liczby udzielonych odpowiedzi
Twoja historia wyników
Nie rozwiązałeś tego quizu